|
|
|
|
| LEADER |
01027nab#a2200337#ar4500 |
| 001 |
000114621 |
| 003 |
SVKKK |
| 005 |
20141209110334.0 |
| 008 |
130826c2012 xo |||||||||||||||b|slo |
| FMT |
|
|
|
| 038 |
|
|
|a SVKKK
|
| 040 |
|
|
|a SVKKK
|b slo
|e AACR2
|
| 041 |
0 |
|
|a slo
|
| 044 |
|
|
|a xo
|c SK
|
| 080 |
|
|
|a 785.6
|x (437.672)
|2 2008
|
| 080 |
|
|
|a 78.087.684
|x (437.672)
|2 2008
|
| 100 |
1 |
|
|a Tomáschová, Andrea
|4 aut
|
| 245 |
1 |
0 |
|a V Dome umenia zaznejú árie z opier i operiet
|b novoročný koncert zboru Csermely ponúkne zaujímavý program
|c Andrea Tomáschová, Katalin Havasi
|
| 300 |
|
|
|b Obr.
|
| 610 |
2 |
4 |
|a Csermely (zmiešaný spevácky zbor : Košice, Slovensko)
|
| 610 |
2 |
4 |
|a Dom umenia (Košice, Slovensko)
|
| 650 |
0 |
4 |
|a zmiešané spevácke zbory
|
| 650 |
0 |
4 |
|a koncerty
|
| 651 |
|
4 |
|a Košice (Slovensko)
|
| 700 |
1 |
|
|a Havasi, Katalin
|4 aut
|
| 773 |
0 |
|
|t Košický večer. Korzár
|g Roč. XXII (44), č. 1 (2012), s. 4
|x 1336-5320
|
| 974 |
|
|
|a MI
|
| 992 |
|
|
|a RBX
|
| BAS |
|
|
|
| 852 |
|
|
|a SVKKK
|b BIB
|
| 998 |
|
|
|a REG
|